000 00694nam a2200229 a 4500
999 _c10861
_d10861
001 10861
003 BD-JhCC
005 20190623082834.0
008 190522b20192014bd ||||| a||| 00| 0 b d
020 _a9789849065920
035 _a(BD-JhCC)10861
040 _aBD-JhCC
_dBD-JhCC
041 _aben
082 _bQUA 2019
_a510
100 _aকাইয়ুম,আব্দুল
245 _aগণিতের জাদু /
_cআব্দুল কাইয়ুম,
260 _aঢাকা,বাংলাদেশ:
_bপ্রথমা প্রকাশনা,
_c2019.
300 _a178 p.
_bIncluded
_c22 cm.
650 _aMathematics
942 _2ddc
_cBK